000 004300000a22001810004500
003 MACL
005 20151015163751.0
008 151015b xxu||||| |||| 00| 0 eng d
040 _aMACL
_cMACL
041 _aEnglish
082 _a920/DEV
100 _aSingh, Khushwant
_98124
245 _aThe True Name Osho
260 _bHind Pocket Books
_c2007
_aNoida
350 _a295
650 _aBiography
_915104
942 _cBK
_k920
_2ddc
999 _c8537
_d8537